000 01128nam a22001817a 4500
003 JO-AjAnu
005 20250315094444.0
008 250310b jo ||||| |||| 00| 0 ara d
040 _cJO-AjAnu
100 _aالسوالمة، مصطفى محمد داود
_eمعد
_966492
245 _aالتقديم والتأخير في ديوان "الحقل والأرانب" للشاعر علي طه النوباني "دراسة نحوية دلالية" = Advancement and Delay in the Poetry Collection Al Haql Wal Aranib by the Poet Ali Taha Al-Nubani Syntactic and Semantic Study
_c / اعداد مصطفى محمد داود السوالمة ؛ اشراف منصور حسين عياصرة
260 _c2025
300 _a89 ورقة
500 _aرسالة جامعية (رسالة ماجستير في اللغة العربية) - جامعة عجلون الوطنية، (الاردن-عجلون)، كلية الآداب - قسم اللغة العربية وآدابها، 2025
650 _vاللغة العربية-بلاغة-نحو
700 _aالعياصرة، منصور حسين
_eمشرف
_966493
942 _2lcc
_cTHS
_n0
999 _c33887
_d33887